| 000 | 00985cam a2200289 i 4500 | ||
|---|---|---|---|
| 001 | 000005627 | ||
| 003 | DO-SdBNP | ||
| 005 | 20250715102801.0 | ||
| 007 | ta | ||
| 008 | 760115s1942 sp b 001 0 spa | ||
| 040 |
_aDO-SdBNP _bspa _cBNPHU _erda |
||
| 041 | _aspa | ||
| 082 | 4 |
_a864.5 _bL333a _222 |
|
| 100 | 1 |
_aLarra, Mariano José de, _d1809-1837 _eautor _98739 _4aut. |
|
| 245 | 1 | 0 |
_aArtículos políticos y sociales / _cLarra ; prólogo y notas de José R. Lomba y Pedraja. |
| 264 |
_aMadrid : _bEspasa-Calpe, _c1942. |
||
| 300 |
_axlix, 272 páginas ; _c19 cm. |
||
| 336 |
_atexto _btxt _2rdacontent |
||
| 337 |
_asin mediación _bn _2rdamedia |
||
| 338 |
_avolumen _bnc _2rdacarrier |
||
| 490 | 0 |
_aClásicos castellanos ; _v77 |
|
| 600 | 1 | 0 |
_aLarra, Mariano José de, _d1809-1837 _vColecciones de escritos _915881 |
| 650 | 4 |
_aEnsayos españoles _93095 |
|
| 650 | 4 |
_aLiteratura española _9632 |
|
| 700 | 1 |
_aLomba y Pedraja, José, _eprologuista _915882 _4pr. |
|
| 942 |
_2ddc _cLBS1 |
||
| 999 |
_c5426 _d5426 |
||